| 000 | 00775nam a2200289Ia 4500 | ||
|---|---|---|---|
| 003 | OSt | ||
| 005 | 20221006144439.0 | ||
| 006 | a|||||r|||| 00| 0 | ||
| 007 | ta | ||
| 008 | 221006b |||||||| |||| 00| 0 eng d | ||
| 020 |
_a0855204834 _c£15.00 |
||
| 020 | _a9780855204839 | ||
| 024 | _a11,703 | ||
| 037 | _cTextual | ||
| 040 |
_aEASL _cEASL _beng |
||
| 041 |
_2eng _aeng |
||
| 082 | _aV1:19(zM).N80, M2 | ||
| 100 | _aCLARK Ian | ||
| 245 | 0 |
_aLimited nuclear war _b Political theory and war conventions |
|
| 260 |
_aOxford _bMartin Robertson _c1982 |
||
| 300 |
_a266p. _ccm. |
||
| 490 | _v Gen | ||
| 650 | _a Gen | ||
| 650 |
_aAtomic Warfare _9652041 |
||
| 942 |
_hV1:19(zM).N80, M2 _cTEXL _2CC |
||
| 999 |
_c1079789 _d1079789 |
||